30 One Piece bounties over a billion (Cross Guild included) - Statistiques

Statistiques générales
  • Ce quiz a été pris 93 fois
  • Le résultat moyen est 25 sur 30
Statistiques - réponses
Hint Réponse % Correct
3,000,000,000 Monkey D. Luffy
99%
5,564,800,000 Gol D. Roger
96%
4,048,900,000 Shanks
96%
4,388,000,000 Charlotte Linlin
93%
5,046,000,000 Edward Newgate
93%
4,611,100,000 Kaido
93%
3,996,000,000 Marshall D. Teach
93%
1,111,000,000 Roronoa Zoro
93%
1,032,000,000 Vinsmoke Sanji
93%
3,189,000,000 Buggy
90%
3,000,000,000 Eustass «Captain» Kid
90%
3,000,000,000 Trafalgar Law
90%
1,057,000,000 Charlotte Katakuri
88%
1,000,000,000 Jack
88%
1,390,000,000 King
87%
1,320,000,000 Queen
87%
3,590,000,000 Dracule Mihawk
86%
1,965,000,000 Sir. Crocodile
84%
1,100,000,000 Jinbe
83%
👑👑👑 Borsalino
80%
👑👑👑👑👑 Sakazuki
80%
👑👑👑 Issho
78%
👑👑👑 Monkey D. Garp
78%
👑👑👑 Aramaki
77%
1,659,000,000 Boa Hancock
75%
1,374,000,000 Marco
70%
1,800,000,000 Brogy
67%
1,800,000,000 Dorry
67%
2,600,000,000 Loki
67%
👑 Sspaden
16%
Aucun quiz correspondant
Distribution des résultats
% des personnes avec chaque résultat
Percentile par nombre de réponses
Votre historique - résultats
Vous n’avez pas pris ce quiz